000 00665nam a2200169Ia 4500
008 151213s9999 xx 000 0 und d
020 _a984-843114-4
100 _aশ্রী দীনেশ চন্দ্র দেবনাথ।
245 _aন্যায়পরায়ণ ও ট্রাষ্ট আইন।
_cশ্রী দীনেশ চন্দ্র দেবনাথ।
250 _a১ম সং
260 _aঢাকা
_bকামরুল বুক হাউফ
_c2005
300 _a3842 p.
650 _aLaw
650 _aLaw
700 _aশ্রী দীনেশ চন্দ্র দেবনাথ।
999 _c2518
_d2518